| 000 | 00380nam a22001337a 4500 | ||
|---|---|---|---|
| 082 |
_a508.354 _bNAS _cL-27, P-125. |
||
| 100 |
_aSeyyed Hossein Nasr _938928 |
||
| 245 |
_aWestern science & Asian culture _cSeyyed Hossein Nasr |
||
| 260 |
_aLahore _bRed Rose Printers _c1985 |
||
| 300 | _a42 p. | ||
| 526 |
_a0 _b0 _c0 _d508_354000000000000_NAS |
||
| 650 |
_aMCE _9379 |
||
| 942 |
_2ddc _cBK |
||
| 999 |
_c543534 _d543534 |
||